| 000 | 00339nam a22001217a 4500 | ||
|---|---|---|---|
| 082 |
_a940.54 _bGRA |
||
| 245 | _aA record of the war the sixth quarter jani, 1941-Mar 31, 1941 | ||
| 260 |
_aLondon _bHutcbinson _c1941 |
||
| 300 |
_a156. :p _bill, _c25cm |
||
| 526 |
_a0 _b0 _c0 _d940_540000000000000_GRA |
||
| 650 |
_aMCE _9379 |
||
| 942 |
_2ddc _cBK |
||
| 999 |
_c552774 _d552774 |
||